000 00946nam a22002297a 4500
005 20170515164237.0
010 _aENG-118154-157
020 _c7500.00 (Set of 4 Vols)
_a9789350358863 (4 vols)
035 _aEN-101686-689
037 _bDBAD/PUB
082 _a349.5403
100 _aAiyar, P. Ramanatha
245 0 0 _aAdvanced law lexicon :
_cby P Ramanatha Aiyar ; Shakil Ahmad Khan
_bthe encyclopaedic law dictionray with words and phrases, legal maxims and latin terms /
246 _aP Ramanatha Aiyar's Advanced law lexicon
250 _a5th ed
260 _aGurgaon
_bLexis Nexis
_c2017
270 _a14th Floor, Bldg. No.10, Tower-B, DLF Cyber City, Phase-II
_bGurgaon
_e122002
300 _a4 vols (xcv,1288p.; xcv,1289-2734p.; xcv,2735-4259p.; xcv,4260-5571p.)
_c24cm(Hb)
500 _aIncludes bibliographical references
505 _av.1--A-C. v.2--D-I. v.3--J-P. v.4--Q-Z
942 _2ddc
_cEN
_mAIY
_h349.5403
999 _c139883
_d139883